| Поле | Инд. | ПП | Название | Значение |
|---|---|---|---|---|
| Тип записи | a | |||
| Библиографический уровень | m | |||
| 001 | Контрольный номер | RU/IS/BASE/464182148 | ||
| 005 | Дата корректировки | 20140929135025.3 | ||
| 040 | a | Служба первич. каталог. | НБ ТвГУ | |
| b | Код языка каталог. | rus | ||
| e | Правила каталог. | PSBO | ||
| 041 | 0_ | a | Код языка текста | rus |
| 080 | a | Индекс УДК | 316.7(043.3) | |
| 084 | a | Индекс другой классификации/Индекс ББК | С524.224.022я031 | |
| 090 | a | Полочн. индекс | С524.224 | |
| x | Авторский знак | Г 65 | ||
| 100 | 1_ | a | Автор | Гончаренко Леонид Владимирович |
| 245 | 10 | a | Заглавие | Межкультурная коммуникация в московском мегаполисе (социально-философский анализ) |
| b | Продолж. заглавия | автореф. дис. ... к.филос.н. : 09.00.11 | ||
| c | Ответственность | Гос. автоном. образоват. учреждение ВПО "Моск. гор. ун-т упр. Правительства Москвы", Каф. упр. соц.-культур. развитием | ||
| 260 | a | Место издания | Москва | |
| c | Дата издания | 2014 | ||
| 300 | a | Объем | 31 с. | |
| 500 | a | Примечание | На правах рукоп. | |
| 504 | a | Библиография | Библиогр.: с. 31 и в подстроч. примеч. | |
| 653 | a | Ключевые слова | Авторефераты | |
| a | Ключевые слова | Межкультурная коммуникация | ||
| a | Ключевые слова | Межкультурное общение | ||
| a | Ключевые слова | Межнациональные отношения | ||
| a | Ключевые слова | Межэтнические конфликты | ||
| a | Ключевые слова | Москва, город | ||
| a | Ключевые слова | Социальная философия | ||
| a | Ключевые слова | Социально-философский анализ | ||
| a | Ключевые слова | Социальные группы | ||
| a | Ключевые слова | Социокультурное взаимодействие | ||
| a | Ключевые слова | Управление межкультурной коммуникацией | ||
| 901 | t | Тип документа | m | |
| 920 | a | Оператор | Семен | |
| a | Оператор | Суха | ||
| a | Оператор | Густ | ||
| a | Оператор | Стро | ||
| 930 | a | Новая/Ретро | новая | |
| 952 | c | Вид литературы | А/Р н | |
| 954 | a | Дата поступления на обработку | 20140917 | |
| c | Дата окончания ОНО | 20140929 | ||
| b | Дата поступления в ОК | 20140916 |